DC Comics characters - Statistics

General Stats
  • This quiz has been taken 281 times
  • The average score is 70 of 207
Answer Stats
Answer % Correct
batman
99%
superman
99%
robin
96%
the flash
96%
wonder woman
96%
the joker
93%
green lantern
92%
aquaman
89%
nightwing
89%
cyborg
88%
harley quinn
88%
lex luthor
87%
batgirl
85%
green arrow
84%
supergirl
84%
catwoman
79%
raven
79%
death
78%
poison ivy
78%
the penguin
78%
hawkman
77%
beast boy
76%
black canary
76%
hawkgirl
76%
martian manhunter
76%
the riddler
76%
deathstroke
74%
starfire
74%
superboy
73%
red hood
72%
bane
71%
deadshot
71%
two face
71%
v
70%
captain cold
68%
mister freeze
68%
shazam
68%
alfred pennyworth
67%
scarecrow
67%
atom
66%
killer croc
66%
darkseid
65%
kid flash
65%
batwoman
64%
fire
63%
ra's al ghul
62%
sinestro
62%
zatanna
62%
reverse flash
61%
cheetah
59%
lois lane
59%
black adam
58%
blue beetle
57%
doctor fate
55%
wonder girl
55%
talia al ghul
54%
huntress
53%
captain boomerang
51%
black manta
49%
brainiac
49%
doomsday
49%
firestorm
49%
general zod
49%
gorilla grodd
48%
killer frost
48%
plastic man
48%
ares
47%
booster gold
47%
commissioner gordon
47%
constantine
47%
swamp thing
45%
mera
44%
arsenal
43%
bizarro
42%
solomon grundy
42%
speedy
42%
krypto
41%
vixen
41%
zoom
41%
red tornado
40%
miss martian
39%
amanda waller
37%
mad hatter
36%
heat wave
35%
hush
35%
ice
35%
manbat
35%
power girl
34%
stargirl
34%
jimmy olsen
33%
king shark
33%
vibe
33%
steel
32%
katana
31%
lobo
31%
vandal savage
30%
firefly
29%
atrocitus
28%
deadman
28%
mister miracle
28%
parasite
27%
big barda
25%
enchantress
25%
metallo
25%
spectre
25%
catman
24%
etrigan
24%
the spoiler
24%
star sapphire
23%
static
22%
terra
22%
giganta
20%
killer moth
20%
mister terrific
20%
sandman
20%
toyman
20%
animal man
19%
azrael
19%
jor-el
19%
rick flag
19%
starman
19%
the question
19%
jonah hex
18%
the phantom stranger
18%
el diablo
17%
orion
17%
kilowog
16%
lucius fox
16%
circe
15%
donna troy
15%
mister mxyzptlk
15%
ultra-humanite
15%
bronze tiger
14%
desaad
14%
harvey bullock
14%
john stewart
14%
larfleeze
14%
polka-dot man
14%
saturn girl
14%
anti monitor
13%
batmite
13%
trickster
13%
cheshire
12%
gypsy
12%
maxwell lord
12%
ragman
12%
rip hunter
12%
kalibak
11%
condiment king
10%
lucifer
10%
rorschach
10%
saint walker
10%
shade
10%
doctor manhattan
9%
black hand
8%
detective chimp
8%
jade
8%
kyle rayner
8%
manhunter
8%
felix faust
7%
anarky
6%
amethyst
5%
cyclone
5%
frankenstein
5%
indigo1
5%
midnighter
5%
ragdoll
5%
ambush bug
4%
damien darhk
4%
ganthet
4%
music meister
4%
phantom girl
4%
ursa
4%
arkillo
3%
bleez
3%
blight
3%
demon
3%
dexstarr
3%
dream girl
3%
faora
3%
malcolm merlyn
3%
pandora
3%
plastique
3%
rainbow raider
3%
star boy
3%
sue dibny
3%
deimos
2%
felicity smoak
2%
hitman
2%
jesse custer
2%
john diggle
2%
knockout
2%
lara lor-van
2%
manchester black
2%
telos
2%
the gray ghost
2%
the metal man
2%
arisia
1%
bigby wolf
1%
bonk
1%
geoff johns
1%
inque
1%
jeannette
1%
platinum
1%
the fierce flame
1%
yorick brown
1%
tor-an
0%
No matching quizzes found
Score Distribution
Percent of People with Each Score
Percentile by Number Answered
Your Score History
You have not taken this quiz